000 00472nam a2200169Ia 4500
008 240729s9999 xx 000 0 und d
022 _a1878-3511
245 0 _aInternational Journal of Infectious Diseases
260 _aNetherlands
260 _bElsevier
650 _a Infectious and parasitic diseases
650 _a Internal medicine
650 _aMedicine
856 _uhttps://doaj.org/toc/7d2a81f0a22d42b7b9b3cdb9ebd825d8
942 _2ddc
942 _cDOAJEJ
999 _c71477
_d71477
945 _a1
_bMadushi Gamage
_c1
_dMadushi Gamage